00787nam a2200229 i 450000100060000000300090000600500170001500700030003200800410003508000270007608000210010310000420012424501100016626000440027630000300032049000200035050400340037060000360040460000600044083000200050085200370052045727ES-MaACL20250418063150.0t|030326s1968 sp ac |||| |dspa d a929 Unamuno, Miguel de a929 Alfonso XIII1 aComín Colomer, Eduardo, d1908-197510aUnamuno, libelista b: sus campañas contra Alfonso XIII y la dictadura / cpor Eduardo Comín Colomer. aMadrid : bVassallo de Mumbert, c1968. a176 p. : bil. ; c27 cm.1 aSiglo ilustrado aReferencias bibliográficas.04aAlfonsobXIII,cRey de España14aUnamuno, Miguel de,d1864-1936-xPensamiento político0 aSiglo ilustrado aES-MaACLj2292-F-13 xC-42326 d